000 00304nam a22001337a 4500
008 170606b xxu||||| |||| 00| 0 eng d
020 _a9780521399883
041 _aeng
080 _a94
100 _a18
101 _aSHH
245 _aIN THE HISTORY OF PRACTICAL THOUGH
_cKNOX.J
942 _2udc
_cBK
999 _c16033
_d16033